[Event "DSOL 08 Liga Gr-C 1st"]
[Site "Playchess.com INT"]
[Date "2020.07.23"]
[Round "5.1"]
[White "Ercan, Piya"]
[Black "Guenther, Jurek"]
[Result "0-1"]
[WhiteElo "787"]
[BlackElo "1145"]
[PlyCount "86"]
[EventDate "2020.06.22"]
[EventType "team-tourn (rapid)"]
[EventCountry "GER"]
[SourceTitle "EXT 2021"]
[Source "ChessBase"]
[SourceDate "2020.10.23"]
[SourceVersion "1"]
[SourceVersionDate "2020.10.23"]
[SourceQuality "1"]
[WhiteTeam "Paderborn Akademie III"]
[BlackTeam "Werder Bremen IV"]
[WhiteTeamCountry "GER"]
[BlackTeamCountry "GER"]

1. d3 e5 2. e4 Nc6 3. Nf3 Bc5 4. Be3 Nd4 5. c3 Nxf3+ 6. Qxf3 Bxe3 7. Qxe3 Nf6 8. Qd2 d5 9. d4 exd4 10. cxd4 dxe4 11. Nc3 Be6 12. Qc2 Qxd4 13. Nb5 Qb4+ 14. Kd1 0-0-0+ 15. Kc1 Nd5 16. a3 Qe1+ 17. Qd1 Qxd1+ 18. Kxd1 Bg4+ 19. f3 exf3 20. gxf3 Bxf3+ 21. Ke1 Bxh1 22. Rc1 Rhe8+ 23. Kd2 Nf4+ 24. Kc3 Re3+ 25. Kb4 Nd5+ 26. Kc4 Kb8 27. a4 Nb6+ 28. Kb4 Re4+ 29. Ka3 c6 30. Nc3 Re3 31. Kb3 Bd5+ 32. Kc2 Nxa4 33. Nxa4 Bb3+ 34. Kb1 Bxa4 35. Rc4 Re1+ 36. Rc1 Rdd1 37. Be2 Rxc1+ 38. Ka2 Rxe2 39. Ka3 Re4 40. b3 Bb5 41. b4 Rb1 42. Ka2 Rexb4 43. Ka3 Ra4# 0-1

[Event "GER-chT School WK GS"]
[Site "Playchess.com INT"]
[Date "2020.06.18"]
[Round "5.3"]
[White "Pizziol, Matteo"]
[Black "Guenther, Jurek"]
[Result "1/2-1/2"]
[WhiteElo "1453"]
[BlackElo "1640"]
[PlyCount "61"]
[EventDate "2020.06.11"]
[EventType "team-swiss (blitz)"]
[EventRounds "7"]
[EventCountry "GER"]
[SourceTitle "EXT 2021"]
[Source "ChessBase"]
[SourceDate "2020.10.23"]
[SourceVersion "1"]
[SourceVersionDate "2020.10.23"]
[SourceQuality "1"]
[WhiteTeam "Baden Eich"]
[BlackTeam "HB an der Gete"]
[WhiteTeamCountry "GER"]
[BlackTeamCountry "GER"]

1. e4 e5 2. Nf3 Nc6 3. Bc4 Bc5 4. Nc3 d6 5. d3 Bg4 6. h3 Bh5 7. g4 Bg6 8. Be3 Nd4 9. Rg1 Nf6 10. Rg3 Qd7 11. Qd2 0-0-0 12. 0-0-0 Rhe8 13. h4 h6 14. g5 Nh5 15. Rdg1 Nxg3 16. Rxg3 hxg5 17. hxg5 Nxf3 18. Rxf3 Bxe3 19. Qxe3 Bh5 20. Qxa7 c6 21. Rf5 g6 22. Rxf7 Re7 23. Rf6 Kc7 24. Qa5+ Kb8 25. Be6 Rxe6 26. Rxe6 Qxe6 27. Qxd8+ Ka7 28. Qa5+ Kb8 29. Qd8+ Ka7 30. Qa5+ Kb8 31. Qd8+ 1/2-1/2

[Event "GER-chT School WK GS"]
[Site "Playchess.com INT"]
[Date "2020.06.11"]
[Round "1.1"]
[White "Guenther, Jurek"]
[Black "Szczepanski, Niels Christ"]
[Result "1-0"]
[WhiteElo "1640"]
[BlackElo "1634"]
[PlyCount "63"]
[EventDate "2020.06.11"]
[EventType "team-swiss (blitz)"]
[EventRounds "7"]
[EventCountry "GER"]
[SourceTitle "EXT 2021"]
[Source "ChessBase"]
[SourceDate "2020.10.23"]
[SourceVersion "1"]
[SourceVersionDate "2020.10.23"]
[SourceQuality "1"]
[WhiteTeam "HB an der Gete"]
[BlackTeam "Forst"]
[WhiteTeamCountry "GER"]
[BlackTeamCountry "GER"]

1. e4 e5 2. Nf3 Nc6 3. d4 d6 4. d5 Nb4 5. a3 Na6 6. Be3 Bg4 7. h3 Bd7 8. Bxa6 bxa6 9. Qd3 Rb8 10. b3 Be7 11. Bxa7 Ra8 12. Qxa6 h6 13. Nc3 Bg5 14. Nxg5 hxg5 15. 0-0 g4 16. hxg4 Bxg4 17. f3 Bd7 18. g3 Qg5 19. Kf2 Bh3 20. Rh1 Qd2+ 21. Ne2 Bg2 22. Rxh8 Qxc2 23. Rxg8+ Ke7 24. Rxa8 Bh3 25. Rc1 Qd2 26. Rxc7+ Kf6 27. Be3 Qa2 28. Qxd6+ Be6 29. dxe6 fxe6 30. Rf8+ Kg6 31. Qxe6+ Kh5 32. Rh8# 1-0